| 000 | 00789nam a22002657a 4500 | ||
|---|---|---|---|
| 001 | 115404 | ||
| 003 | UA-OsUOA | ||
| 005 | 20210906164400.0 | ||
| 007 | ta | ||
| 008 | 20151223b un ||||| |||| 00| 0 ukr d | ||
| 020 | _a9667009173 | ||
| 040 |
_aUA-OsUOA _bukr _cUA-OsUOA _dUA-OsUOA |
||
| 041 | _aukr | ||
| 044 | _aUA | ||
| 080 | _a2(091)(447)(075.8) | ||
| 090 |
_a2(091)(447)(075.8) _bІ-90 |
||
| 245 |
_aІсторія релігії в Україні: у 10 томах _cза ред. А. Колодного |
||
| 260 |
_aК. _bУкр. Центр духовн. культури _c1999 |
||
| 300 | _a560 с. | ||
| 505 | _gТ. 3 | ||
| 650 | 7 |
_a2 Релігія. Теологія. _2UDC |
|
| 942 |
_cBK _2udc |
||
| 955 | _a2 | ||
| 999 |
_c401539 _d401539 |
||